Name Chains #3 – 7 in a row - Statistics

General Stats
  • This quiz has been taken 77 times
    53 since last reset
  • The average score is 10 of 40
Answer Stats
Hint Answer % Correct
J{ames}
98%
K{im}
83%
P{ierce}
81%
J{ean}
67%
J{ohn}
64%
P{aul}
50%
M{an}
45%
F{ranklin}
40%
X{avier}
40%
R{ay}
38%
H{ayden}
36%
B{enjamin}
33%
C{harles}
33%
F{rancis}
33%
G{eorge}
31%
N{eill}
19%
S{uleiman}
19%
W{alter}
19%
J{ohnson}
14%
J{oseph}
14%
K{irk}
14%
L{ucas}
14%
Claire T{revor}
14%
D{ouglas}
12%
H{oward}
12%
S{amuel}
12%
T{yler}
12%
B{ruce}
7%
S{tanley}
7%
A{driano}
5%
C{onrad}
5%
L{uiz}
5%
V{ernon}
5%
D{enis}
2%
Clemens F{ritz}
2%
I{rwin}
2%
L{eslie}
2%
R{ose}
2%
S{terling}
2%
M{ichel}
0%
No matching quizzes found
Score Distribution
Percent of People with Each Score
Percentile by Number Answered
Your Score History
You have not taken this quiz since the last reset